Антитоксическое действие нанокомпозиционного инулина; Энергетика: экология, надежность, безопасность

Dades bibliogràfiques
Parent link:Энергетика: экология, надежность, безопасность.— 2008
Autor principal: Бородин Ю. В. Юрий Викторович
Altres autors: Полушина Е. В., Сергеев А. Н.
Idioma:rus
Publicat: 2008
Matèries:
Accés en línia:http://www.lib.tpu.ru/fulltext/m/2009/m19.pdf#page=129
Format: MixedMaterials Electrònic Capítol de llibre
KOHA link:https://koha.lib.tpu.ru/cgi-bin/koha/opac-detail.pl?biblionumber=155550

MARC

LEADER 00000naa2a2200000 4500
001 155550
005 20251204133210.0
035 |a (RuTPU)RU\TPU\book\168728 
090 |a 155550 
100 |a 20090317d2008 k y0rusy50 ca 
101 0 |a rus 
102 |a RU 
200 1 |a Антитоксическое действие нанокомпозиционного инулина  |f Ю. В. Бородин, Е. В. Полушина, А. Н. Сергеев 
320 |a Библиогр.: 2 назв. 
337 |a Adobe Reader. 
463 1 |0 (RuTPU)RU\TPU\book\162397  |t Энергетика: экология, надежность, безопасность  |o материалы докладов 14 Всероссийской научно-технической конференции, 9-11 декабря 2008 г., Томск  |f Томский политехнический университет (ТПУ) [и др.] ; под ред. В. В. Литвака [и др.]  |d 2008 
610 1 |a инулин 
610 1 |a ксенобиотики 
610 1 |a мутагены 
610 1 |a пищевые продукты 
610 1 |a питание 
610 1 |a антимутагенные продукты 
610 1 |a высокомолекулярные вещества 
610 1 |a нанокомпозиционные модели 
610 1 |a топинамбур 
610 1 |a метаболизм клеточный 
610 1 |a труды учёных ТПУ 
610 1 |a электронный ресурс 
610 1 |a продукты 
675 |a 664.162.7  |v 3 
700 1 |a Бородин  |b Ю. В.  |c химик-технолог  |c доцент Томского политехнического университета, кандидат технических наук  |f 1958-  |g Юрий Викторович  |3 (RuTPU)RU\TPU\pers\26181  |9 11990 
701 1 |a Полушина  |b Е. В. 
701 1 |a Сергеев  |b А. Н. 
801 1 |a RU  |b 63413507  |c 20090317  |g PSBO 
801 2 |a RU  |b 63413507  |c 20160907  |g PSBO 
856 4 |u http://www.lib.tpu.ru/fulltext/m/2009/m19.pdf#page=129 
942 |c CF